is ea id - Statistiken

Allgemein
  • Dieses Quiz wurde 676 mal gespielt
  • Das Durchschnittsergebnis liegt bei 18 aus 22
Antwortstatistiken
Hint Antwort % Korrekt
ea
100%
1. Fall is
100%
id
99%
3. Fall ei
89%
2. Fall eius
89%
ea
84%
eam
84%
4. Fall eum
84%
id
84%
6. Fall eo
82%
eo
82%
2. Fall eorum
80%
eorum
80%
eae
79%
earum
79%
3. Fall iis
79%
6. Fall iis
79%
eas
78%
1. Fall ii
78%
4. Fall eos
77%
ea
76%
ea
76%
Keine übereinstimmenden Quizze gefunden
Verteilung der Resultate
Anzahl Personen mit jedem Resultat
Perzentil nach korrekt beantworteten Fragen
Ihre Resultats-Entwicklung
Sie haben dieses Quiz noch nicht gespielt